ბათუმის შოთა რუსთაველის სახელმწიფო უნივერსიტეტის ბიბლიოთეკა

მიხეილ გედევანიშვილი : (ბიბ.ჩანაწერი № 61959)

000 -ლიდერი
ფიქსირებული სიგრძის საკონტროლო ველი 01292nam a22002057a 4500
003 - საკონტროლო ნომრის იდენტიფიკატორი
საკონტროლო ველი Ge_BSU
005 - ბოლო ოპერაციის თარიღი და დრო
საკონტროლო ველი 20240614161952.0
008 - ფიქსირებული სიგრძის მონაცემთა ელემენტები - ზოგადი ინფორმაცია
ფიქსირებული სიგრძის საკონტროლო ველი 240614s1960 ge ||||| |||| 00| 0 geo d
041 ## - ენის კოდი
Language code of text/sound track or separate title geo
080 ## - უნივერსალური ათობითი კლასიფიკაციის ინდექსი
Universal Decimal Classification number 61 ხ-49
100 ## - მთავარი ჩანაწერი - პიროვნების სახელი
Personal name ხვედელიძე, გ.
9 (RLIN) 22444
245 ## - ცნობა სათაურის შესახებ
Title მიხეილ გედევანიშვილი :
Remainder of title (ცხოვრება, საექიმო-სამეცნ. და საზ. მოღვაწეობა) /
Statement of responsibility, etc გ. ხვედელიძე; [კ. ერისთავის ბოლოსიტყვაობით]; საქ. სსრ მეცნ. აკად., ექსპ. და კლინიკ. ქირურგ. და ჰემატოლოგიის ინ-ტი.
264 ## - წარმოების, გამოცემის, დისტრიბუციის და სხვა ცნობები
გამოცემის, წარმოების, დისტრიბუციის... ადგილი თბ. :
გამოცემის, წარმოების, დისტრიბუციის... სახელწოდება საქ. სსრ მეცნ. აკად გამ-ბა და სტ.,
გამოცემის, წარმოების, დისტრიბუციის... თარიღი 1960.
300 ## - ფიზიკური აღწერა
Extent 175 გვ. :
Other physical details 6 ფურც. ილ. და პორტრ. ;
Dimensions 23 სმ.
500 ## - ზოგადი შენიშვნა
General note ბიბლიოგრ. შენიშვნებში
653 ## - INDEX TERM--UNCONTROLLED
Uncontrolled term გედევანიშვილი, მიხეილ.
653 ## - INDEX TERM--UNCONTROLLED
Uncontrolled term ქართველი ექიმები.
710 ## - ADDED ENTRY--CORPORATE NAME
Corporate name or jurisdiction name as entry element საქ. სსრ მეცნ. აკადემია
9 (RLIN) 22445
942 ## - ADDED ENTRY ELEMENTS (KOHA)
Source of classification or shelving scheme
Koha item type წიგნი
ეგზემპლარები
ჩამოწერის სტატუსი დაკარგული ეგზემპლარის სტატუსი კლასიფიკაციის წყარო ან თაროზე გაწყობის სქემა დაზიანების სტატუსი არ გაიცემა მუდმივი მდებარეობა (დაცვის ადგილი) ამჟამინდელი ადგილსამყოფელი თაროზე განთავსების ადგილი შეძენის თარიღი ღირებულება, შესყიდვის ნორმალური ფასი სრული შენახვის შიფრი შტრიხკოდი ბოლო ოპერაციის თარიღი ეგზემპლარის მიმდევრობითი ნომერი (კეტერი?) ფასის ძალაში შესვლის თარიღი ეგზემპლარის სახეობა საჯარო შენიშვნა
          ბათუმის შოთა რუსთაველის სახელმწიფო უნივერსიტეტის მთავარი ბიბლიოთეკა ბათუმის შოთა რუსთაველის სახელმწიფო უნივერსიტეტის მთავარი ბიბლიოთეკა წიგნსაცავი 2024-06-14 0.18 61 ხ-49 68189 2024-06-14 68189 2024-06-14 წიგნი 18 თ.
          ბათუმის შოთა რუსთაველის სახელმწიფო უნივერსიტეტის მთავარი ბიბლიოთეკა ბათუმის შოთა რუსთაველის სახელმწიფო უნივერსიტეტის მთავარი ბიბლიოთეკა წიგნსაცავი 2024-06-14 0.18 61 ხ-49 68190 2024-06-14 68190 2024-06-14 წიგნი 18 თ.
          ბათუმის შოთა რუსთაველის სახელმწიფო უნივერსიტეტის მთავარი ბიბლიოთეკა ბათუმის შოთა რუსთაველის სახელმწიფო უნივერსიტეტის მთავარი ბიბლიოთეკა წიგნსაცავი 2024-06-14 0.18 61 ხ-49 68191 2024-06-14 68191 2024-06-14 წიგნი 18 თ.